1644 1285 1275 1860 1907 1117 1033 1242 1645 1872 1358 1606 1094 1715 1831 1839 1561 1525 1878 1222 1350 1651 1323 1179 1608 1447 1731 1051 1097 1764 1351 1402 1726 1748 1311 1386 1310 1045 1931 1602 1276 1506 1101 1832 1322 1127 1198 1586 1456 1527 1303 1429 1952 1246 1700 1421 1898 1984 1484 1197 1411 1480 1854 1534 1400 1077 1976 1317 1982 1809 1412 1658 1157 1307 1456 1447 1830 1478 1994 1994 1073 1096 1578 1976 1978 1240 1014 1698 1538 1813 1511 1863 1187 1025 1352 1574 1089 1475 1084 BCNSPRNW ULIB Ver.6.0+V

เปลี่ยนเป็นภาษาไทย

Change to English
 แสดงรายละเอียดบรรณานุกรม
  กลับหน้าหลัก

Brief Record : Get Marc (ISO 2709) : E-mail record : QR code < ปิดหน้าต่าง
LEADER : 00000nam 2200000uu 4500
001    13399109251
003     ULIB
008    110324s2544||||th 000 0 tha d
060 04 WA540JT3^bส598ส 2544
110 1  กระทรวงสาธารณสุข
245 00 สูจิบัตร:กระจายอำนาจกับอนาคตสุขภาพไทย/^cเวทีวิชาการ:ปฏิรูประบบบริการสุขภาพไทยครั้งที่ 2
260    [นนทบุรี] :^bกระทรวงสาธารณสุข,^c2544
300    32 หน้า
650  7 การบริหารสาธารณสุข
710 2  สถาบันพระบรมราชชนก
710 2  โครงการปฏิรูประบบบริการสาธารณสุข
710 2  มูลนิธิสาธารณสุขแห่งชาติ
710 2  สำนักนโยบายและแผนสาธารณสุข
710 2  สำนักวิชาการสาธารณสุข
945    ^p0^l0^i013237
995    ทศพร
999 ^a ใช้งานได้ทุกระบบ
รายการนี้ยังไม่มีแท็ก
คุณยังไม่ได้ล็อกอิน คุณสามารถมีกิจกรรมร่วมกับเว็บไซต์ได้ แต่ต้องล็อกอินก่อน ::
  ล็อกอิน

รายการสื่อสารสนเทศ

ลำดับที่ ประเภท เลขเรียก/บาร์โค้ด สถานที่ สถานะ
- ไม่พบข้อมูล -

รายการใกล้เคียง
    หัวเรื่อง [การบริหารสาธารณสุข]

BibComment


ยังไม่เคยถูกคอมเมนท์

คอมเมนท์ทรัพยากรรายการนี้
  คอมเมนท์: สูจิบัตรกระจายอำน..


 Copyright 2026. Bcnsprnw @Library